00296nam a2200097 a 4500008004100000050002400041100002100065245008000086260002300166350000900189120416s9999 ||||||||||||||||| || u aTHESIS/POSTGRADUATE aFewings, Peter F12aA Building tender price index in Zambia and its feasibility for forecasting aUniversity of Bath a0.00